Programme Review and Forward Budget 1991/92-1993/94 (Record no. 879)

MARC details
000 -LEADER
fixed length control field 00468nam a22001217a 4500
008 - FIXED-LENGTH DATA ELEMENTS--GENERAL INFORMATION
fixed length control field 230609b xxu||||| |||| 00| 0 eng d
082 ## - DEWEY DECIMAL CLASSIFICATION NUMBER
Classification number 352.490
Item number GOK
110 ## - MAIN ENTRY--CORPORATE NAME
Subordinate unit Office of the vice president and ministry of finance
245 ## - TITLE STATEMENT
Title Programme Review and Forward Budget 1991/92-1993/94
Remainder of title Recurrent Expenditure
Statement of responsibility, etc. Volume I (Votes R01-R16)
Medium Office of the vice president and ministry of Finance
260 ## - PUBLICATION, DISTRIBUTION, ETC. (IMPRINT)
Place of publication, distribution, etc. Nairobi Kenya
Name of publisher, distributor, etc. GoK
Date of publication, distribution, etc. February 1991
300 ## - PHYSICAL DESCRIPTION
Extent 698p
942 ## - ADDED ENTRY ELEMENTS (KOHA)
Source of classification or shelving scheme Dewey Decimal Classification
Koha item type Books
Holdings
Withdrawn status Lost status Source of classification or shelving scheme Damaged status Not for loan Home library Current library Date acquired Total Checkouts Full call number Barcode Date last seen Price effective from Koha item type
    Dewey Decimal Classification     Bunge Tower Library Bunge Tower Library 06/09/2023   352.490 GOK 10005819 06/09/2023 06/09/2023 Books
LIBRARY OPENING HOURS

When the Parliament is sitting: 8.00a.m - 7.00p.m or until the house adjourns
Mondays and Fridays and when the House is on Recess:  8.00a.m - 5.00p.m
Closed on Weekends and Public Holidays

Online Public Access Catalog (OPAC)
Website: http://www.parliament.go.ke
Bunge Library: https://libraryir.parliament.go.ke
Contact: library@parliament.go.ke | Tel no: (254-2)2221291 or 2848000 Ext 5043